000 00676nam a2200217Ia 4500
005 20241129105752.0
008 241129s9999||||xx |||||||||||||| ||und||
020 _a978-0-367-20095-4
037 _aTB
040 _aARTS
_beng
_cARTS
041 _aeng
_2eng
084 _aS1:524 R1
_qARTS
100 _aKuay Hue San Au.; Towl Graham Au.
_9724667
245 0 _aChild to parent aggression and violence: a guidebook for parents and practitioners
_cKuay Hue San Au.; Towl Graham Au.
260 _aLondon, UK
_bRoutledge
_c2021
300 _axiv,137p.
365 _aUKP
_b34.99
650 _aChild Psychology
942 _cTB
_hS1:524 R1
999 _c1225857
_d1225857